| 000 | 01189nmm a2200337 a 4500 | ||
|---|---|---|---|
| 001 | ocm0002347542 | ||
| 003 | TR-IsHL | ||
| 005 | 20201028185511.0 | ||
| 008 | 190822s2019 tu tur | ||
| 007 | cr cn | ||
| 020 | _a9786052813393 | ||
| 035 |
_a2347542 _b(N$T) |
||
| 050 | 0 | 4 |
_aDR451 _b.Y55 2019 |
| 090 | 0 | 4 |
_aDR451 _b.Y55 2019 |
| 100 | 1 | _aYıldırım, Filiz | |
| 245 | 1 | 0 |
_aNazlı Tuna'nın İnce donanması _h[electronic resource] / _cFiliz Yıldırım |
| 250 | _a1.Baskı | ||
| 260 |
_aİstanbul : _bHiperlink Yayınları, _c2019 |
||
| 300 | _a328 p. | ||
| 500 | _aKaynakça: sayfa 295-310 | ||
| 650 | 4 | _aDil ve Edebiyat | |
| 650 | 4 | _aLanguage and Literature | |
| 650 | 0 |
_aTürkiye _x Tarih, Deniz |
|
| 650 | 0 |
_aTurkey _x History, Naval |
|
| 650 | 0 |
_aTürkiye _x Tarih, Deniz _x Osmanlı İmparatorluğu,1288-1918. |
|
| 650 | 0 |
_aTurkey _x History, Naval - Ottoman Empire, 1288-1918. |
|
| 650 | 0 |
_aNavigasyon _x Türkiye _x Tarih |
|
| 650 | 0 |
_aNavigation _x Turkey _x History |
|
| 650 | 7 |
_aHISTORY / Middle East / Turkey & Ottoman Empire _2bisacsh |
|
| 856 | 4 | 0 | _uhttp://search.ebscohost.com/login.aspx?direct=true&scope=site&db=e011xww&AN=2347542 |
| 999 |
_c21493 _d21493 |
||